60 Second Blitz: States Quiz Stats

 Plays Quiz Updated Nov 18, 2014

Score 0/50 Timer 01:00
27 Plays Today
State % Correct
California
79.5%
Florida
75%
New York
68.9%
Alabama
66.1%
Maine
63.6%
Alaska
62%
Georgia
61.2%
Arizona
60.9%
Texas
58.6%
Iowa
56.5%
Idaho
56.1%
Ohio
54.6%
Washington
53.7%
Hawaii
53.4%
Oregon
52.4%
Arkansas
52.3%
New Jersey
51.8%
Colorado
51.5%
Illinois
50.6%
Kansas
48.4%
Indiana
47.6%
Michigan
47.5%
New Mexico
46.2%
Delaware
46.1%
North Dakota
45.3%
State % Correct
Nevada
45.2%
Montana
44.4%
Mississippi
44.2%
North Carolina
44%
Utah
43.2%
New Hampshire
42.3%
Maryland
41.8%
South Dakota
41.2%
Kentucky
40.5%
South Carolina
40.4%
Vermont
40.2%
Connecticut
39.7%
Virginia
37.9%
Louisiana
36.6%
Minnesota
35.4%
Missouri
34.8%
Nebraska
34.6%
Massachusetts
33%
Oklahoma
30.4%
Rhode Island
29.9%
Wyoming
29.4%
Tennessee
29.3%
Pennsylvania
26.9%
Wisconsin
26.9%
West Virginia
26.3%

You're not logged in!

Compare scores with friends on all Sporcle quizzes.
OR
Log In

Sporcle TV

Today on Sporcle TV


Watch our educational content, quiz creation guides, and fun videos on Sporcle TV.

Show Comments

Extras

Top Quizzes Today


Score Distribution

Your Account Isn't Verified!

In order to create a playlist on Sporcle, you need to verify the email address you used during registration. Go to your Sporcle Settings to finish the process.

Report this User

Report this user for behavior that violates our Community Guidelines.

Details: